Quizzes
Events
Quiz Creation
Community
Videos
Private Events
Remove Ads
Sign In
Join for FREE
Feedback
Dark Mode
Quiz Categories
Sports
Geography
Music
Movies
Television
Just For Fun
Miscellaneous
History
Literature
Language
Science
Gaming
Entertainment
Religion
Holiday
For Kids
Quiz Lab
Recent
Popular Today
Quiz Kudos Today
Editor Picks
Curator Picks
Quizzes by...
Day
Popularity
Type
Ratings
Length
Year
Community
Subscriptions
Recent Discussions
Orange Saloon
Badges
Playlists
Quests
Create
Leaderboards
Showdown
Live 5
Trivia Bingo
Activity
Puzzle Library
Sporcle Events
Private Events
Virtual Trivia
Globe League
Become a Host
Pub Owners
SporcleCon
Opinionation
Our Games
Videos
Blog
Mobile Apps
Partnerships
Remove Ads and Go Orange
Feedback
Sports
Athletes
MLB
NBA
NHL
NFL
Soccer
Sports Teams
WWE
NCAA
Football
Premier League
Basketball
Baseball
Hockey
Golf
Tennis
Cricket
Rugby
Auto Racing
Olympics
World Cup
Sports
Athletes
MLB
NBA
NHL
NFL
Soccer
Sports Teams
WWE
NCAA
Football
Premier League
Basketball
Baseball
Hockey
Golf
Tennis
Cricket
Rugby
Auto Racing
Olympics
World Cup
Random Quiz
Search Sporcle
×
Quiz Lab
Quiz Lab
Sports
Era
Type in answers that appear in a list
Type in answers that appear in a list
Classic
Best Score? Go Orange.
1984 AL Leaders in ERA Stats
Can you name the 1984 AL Leaders in ERA?
By
nick222
5m
25 Questions
68 Plays
68 Plays
68 Plays
Comments
Comments
Give Quiz Kudos
Give Quiz Kudos
-
- Ratings
hide this ad
Replay
Link that replays current quiz
Next Quiz
Link to next quiz in quiz playlist
You Got
0%
They Got
Avg Score
49%
Avg Friend Score
Upgrade to see
Score Distribution
Jump to the score distribution portion of the page
Score
0/25
Timer
05:00
0
Plays Today
Team
Player
% Correct
Toronto
Dave Stieb
94.1%
Detroit
Jack Morris
92.6%
Baltimore
Mike Boddicker
82.4%
Cleveland
Bert Blyleven
82.4%
California Angels
Mike Witt
73.5%
Baltimore
Mike Flanagan
72.1%
Minnesota
Frank Viola
70.6%
Seattle
Mark Langston
70.6%
New York
Phil Niekro
66.2%
Texas
Frank Tanana
61.8%
Texas
Charlie Hough
58.8%
Detroit
Dan Petry
57.4%
Baltimore
Storm Davis
48.5%
Team
Player
% Correct
Toronto
Doyle Alexander
47.1%
Chicago
Richard Dotson
45.6%
Kansas City
Bud Black
33.8%
California Angels
Geoff Zahn
29.4%
Minnesota
Mike Smithson
27.9%
Seattle
Jim Beattie
25%
Minnesota
John Butcher
22.1%
Detroit
Juan Berenguer
22.1%
California Angels
Ron Romanick
16.2%
Oakland
Ray Burris
14.7%
New York
Ray Fontenot
13.2%
Texas
Mike Mason
13.2%
Quiz Playlist
Details
Report
Send in Message
Add To Playlist
Classic:
Type in answers that appear in a list
Quiz Source
Last Updated: Feb 16, 2017
Quiz Scoreboard
CHALLENGE
Sign Up to Join the Scoreboard
Show All
Scores
Hide
Comments
May contain spoilers
Recently Published
9x9 Crossword: Cartoon Network
by jackfrog10
Miscellaneous
3m
College Basketball Coaching Resumes
by pancakes188
Sports
9m
Billboard Blitz: Fleetwood Mac
by CooCooCachoo
Music
15s
More to Explore
Quiz From the Vault
Featured Blog Post
Where Did the Easter Bunny Come From?
hide this ad
You Might Also Like...
Tags
1984
Era
Player
team
Today's Top Quizzes in Sports
Browse Sports
hide this ad
Today's Top Quizzes in Era
Browse Era
Top Contributed Quizzes in Sports
1
2022 World Cup Stars
2
Les meilleurs buteurs des matchs entre le PSG et l’OM
3
FIFA Club World Cup Champions
4
Les entraîneurs de l'OM et du PSG au 21e siècle
5
Criteria MLB: Left Handed Sluggers
6
AFC Teams Reveal (Wrong Answers Minefield)
7
2023 MLB Unique Player Accomplishments
8
5-to-1: FBS Animal Nicknames
9
Players with Multiple 50 Home Run Seasons
10
5-to-1: UK Sports Teams
Explore More
Trending Topics
Anime
Crossword
Harry Potter
NBA
Marvel
Disney
Kpop
The Office
Song
Country
Soccer
WWE
Pokémon
Puzzle
NFL
hide this ad
More By:
nick222
Quiz
Plays
Rating
Category
Featured
Created
Where Am I-Universities in the USA
909
3.13
Geography
Nov 18, 2017
I was a #1 TV show in the 80's or 90's
673
3.00
Entertainment
Feb 26, 2013
MLB Most Hits 1980-89 per team
418
4.50
Sports
May 14, 2011
1989 AL Leaders Batting Average
377
4.42
Sports
Apr 27, 2011
MLB Strikeout Leaders by team 1970-79
374
4.33
Sports
May 9, 2011
Go to Creator's Profile
Score Distribution
Quiz Creator Spotlight
nick222
Follow
Send a Message
Quizzes Created
-
Created Quiz Play Count
-
More By This Creator
Popular Quizzes Today
1
Find the US States - No Outlines Minefield
2
Find the Countries of Europe - No Outlines Minefield
3
The Countries of the World
4
Find the US States
5
Risky Map Clicking: Biggest States A-Z
6
US States
7
Popular People in 1961
8
Movies - When Are They Set?
More Sports Quizzes
Top XIs: Tottenham Hotspur (1990s)
Quiz Lab
Trending Quizzes
Risky Map Clicking: Least Populous States A-Z
1-10 Letter G Words
1-10 Letter F Words
Risky Map Clicking: Next State Alphabetically
Adjectives in 80s TV Shows
Recently Updated
Leaping Animals
pecheneg
Reality TV Shows (A-Z)
bhenderson79
Rickey Henderson's Hall of Fame Teammates
pecheneg
Champions League XIs: Arsenal
pecheneg
Quick Pick: Celebrities in WWE's Hall of Fame
aduchscher
A-Z Keypad Blitz II
pecheneg
Multiple Oscar Actors
pecheneg
Mystery Phrase Blitz: Oscar 'Best Actors'
pecheneg
F. Scott Fitzgerald Novels
LTH
Pick 3 Villains
ddd62291
Trending Topics
Marvel
Disney
NBA
Crossword
Kpop
Harry Potter
Anime
NFL
Pokémon
WWE
Soccer
The Office
Country
Song
Puzzle
Your Account Isn't Verified!
In order to create a playlist on Sporcle, you need to verify the email address you used during registration. Go to your
Sporcle Settings
to finish the process.
Report this User
Report this user for behavior that violates our
Community Guidelines
.
Details:
Send Report
Go to the Sporcle.com Mobile Site →
Comments